000 00530nam a2200181Ia 4500
003 IN-BaIIA
008 211028s9999 xx 000 0 eng d
040 _cIIA Library
080 _a520.2
_bPAL
100 _aPorter, R. W
_98529
245 0 _aPalomar pictorial
_cR. W. Porter
260 _aCalifornia
_bCalifornia Institute of Technology
_c1965
300 _a[various pagings.]
650 _a Telescope Mountings
_98530
650 _a Telescopes 
_98531
650 _aAstronomy and Astrophysics Thesaurus 
_91143
942 _cBK
999 _c4796
_d4796